Catálogo
 En Linea

El hombre en el medio ambiente vivo / (Registro nro. 24210)

Detalles MARC
000 -CABECERA
campo de control de longitud fija 01011nam a2200253 a 4500
001 - NÚMERO DE CONTROL
campo de control 000024717
005 - FECHA Y HORA DE LA ÚLTIMA TRANSACCIÓN
campo de control 20200930023328.0
008 - DATOS DE LONGITUD FIJA--INFORMACIÓN GENERAL
campo de control de longitud fija 110202s1975 mx a r 001 0 spa d
040 ## - FUENTE DE LA CATALOGACIÓN
Centro catalogador/agencia de origen DO-SdBNP
Lengua de catalogación spa
Centro/agencia transcriptor BNPHU
041 17 - CÓDIGO DE LENGUA
Código de lengua del texto/banda sonora o título independiente spa
Código de lengua original eng
Fuente del código Código de idiomas MARC
082 ## - NÚMERO DE LA CLASIFICACIÓN DECIMAL DEWEY
Número de clasificación nn*
Número de documento/Ítem nn*
049 ## - FONDOS LOCALES (OCLC)
Fondos de biblioteca BNGR
110 1# - ENTRADA PRINCIPAL--NOMBRE DE ENTIDAD CORPORATIVA
Nombre de entidad corporativa o nombre de jurisdicción como elemento de entrada University of Wisconsin.
9 (RLIN) 50709
240 10 - TÍTULO UNIFORME
Título uniforme Main in the living environment.
Lenguaje de la obra Español
245 10 - MENCIÓN DE TÍTULO
Título El hombre en el medio ambiente vivo /
Mención de responsabilidad, etc. Traducción de Patricia Moreno C. Barcelo ; prólogo de Arthur D. Hasler.
260 ## - PUBLICACIÓN, DISTRIBUCIÓN, ETC.
Lugar de publicación, distribución, etc. México, D. F. :
Nombre del editor, distribuidor, etc. Continental ;
-- Centro Regional de Ayuda Técnica. Agencia para el Desarrollo Internacional,
Fecha de publicación, distribución, etc. 1975.
300 ## - DESCRIPCIÓN FÍSICA
Extensión 271 p. :
Otras características físicas il. ;
Dimensiones 23 cm.
534 ## - NOTA SOBRE LA VERSIÓN ORIGINAL
Encabezamiento principal del original Título original :
Mención de título del original Main in the living environment
500 ## - NOTA GENERAL
Nota general "Patrocinado por el Instituto de Ecología".
504 ## - NOTA DE BIBLIOGRAFÍA, ETC.
Nota de bibliografía, etc. Bibliografía : 256-261 p.
500 ## - NOTA GENERAL
Nota general Incluye índice.
700 1# - PUNTO DE ACCESO ADICIONAL--NOMBRE DE PERSONA
Nombre de persona Hasler, Arthur D.,
Término indicativo de función/relación pról.
9 (RLIN) 50710
700 1# - PUNTO DE ACCESO ADICIONAL--NOMBRE DE PERSONA
Nombre de persona Moreno C. Barcelo, Patricia,
Término indicativo de función/relación tr.
9 (RLIN) 50711
Existencias
Estado de retiro Estado de pérdida Restricciones de uso No para préstamo Código de colección Localización permanente Ubicación/localización actual Ubicación en estantería Fecha de adquisición Número de inventario Total de préstamos Signatura topográfica completa Código de barras Fecha visto por última vez Precio válido a partir de Tipo de ítem Koha Número de copia
        Monografías: Libros y Folletos General General En catalogación 02.02.2011 LF1   nn* nn* 24717-10 25.06.2020 25.06.2020 Préstamo en sala  
      Préstamo restrigido Monografías: Libros y Folletos General General En catalogación 02.02.2011 LF1   nn* nn* 24717-20 25.06.2020 25.06.2020 Préstamo en sala e. 2

Con tecnología Koha